000 01704nam a2200229Ia 4500
003 Ost
005 20260507075353.0
008 260507s9999||||xx |||||||||||||| ||und||
020 _a96654499579
040 _cfsecg
041 _aara
082 _a330
100 _aسلطان، اسماعيل محمد
_eمؤلف
245 0 _aالإقتصاد السياسي /
_c اسماعيل محمد سلطان
260 _aعمان:
_bدار الراية للنشر والتوزيع,
_c2013
300 _a144 صفحة؛
_bإيضاحات ؛
_c24 سم
520 _aمفاهيم إقتصادية- علاقة الإقتصاد السياسي بالتنمية السياسية والإقتصادية- التنمية الإقتصادية والتخطيط الإقتصادي- تجارب في حقل التخطيط والتنمية الإقتصادية وبناء الإقتصاد السياسي- كيفية بناء وتحقيق الإقتصاد السياسي والعوائق والمشكلات- تسيس الإقتصاد الخارجي والهيمنة والتبعية- الإقتصاد السياسي في النظام الإسلامي- العولمة الإقتصادية وآثارها على الإقتصاد السياسي- منظمة التجارة العالمية- الإقتصاد السياسي والعلاقات الدولية السياسية- الإقتصاد السياسي في العلاقات الدولية العامة الخارجية- الإقتصاد السياسي في العالم العربي- دور الإعلام في الإقتصاد السياسي
653 _aالإقتصاد
653 _aالإقتصاد السياسي
653 _aالسياسة
942 _cكتاب
999 _c44156
_d44156